European Desserts A-Z by Images - Statistics

General Stats
  • This quiz has been taken 19 times
  • The average score is 5 of 26
Answer Stats
Picture Answer % Correct
Éclair
89%
Tiramisu
74%
Halva
53%
Cannoli
47%
Apfelstrudel
42%
Pastel de Nata
32%
Banoffee Pie
26%
Opera Cake
26%
Yule Log
26%
Linzer Torte
21%
Stollen
21%
Dobos Torte
16%
Queen of Puddings
16%
Joulutorttu
5%
Farófias
0%
Germknödel
0%
Irish Porter Cake
0%
Kourabiedes
0%
Medovik
0%
Navettes
0%
Ruske Kape
0%
Uunijuusto
0%
Vatrushka
0%
Wähe
0%
Xuixo
0%
Zuccotto
0%
No matching quizzes found
Score Distribution
Percent of People with Each Score
Percentile by Number Answered
Your Score History
You have not taken this quiz